000 00846nas a2200265 4500
001 BR9605059
003 BR-BrBNA
005 20231205095344.0
007 ta
008 230509b bl.|||p| |||| 00| 00por d
040 _aBR-BrBNA
_bpor
_cBiblioteca Nacional de Agricultura
041 _a(Pt)
072 _aQ05
100 1 _aAraujo, W.M.C.
100 1 _aCiacco, C.F.
100 1 _aCamargo, C.R. de O.
245 1 _aEfeito da adicao de farinha de soja desengordurada como fonte de lipoxigenase ativa nas caracteristicas reologicas da massa de farinha de trigo
650 _aSoja
650 _aTrigo
650 _aFarinha
650 _aLipogenese
773 0 _tCiencia e Tecnologia de Alimentos (Brazil)
_xISSN 0101-2061
_g(Dec 1995), v. 15(3) p. 288-293
_wBR9605059
909 _a202311
_bLúcia
_c55
_dLúcia Elande
942 _2AGRIS
_n0
_cANA
999 _c150206
_d150206